Phase transformation kinetics and hardenability of medium-carbon alloy steels /
Guardado en:
| Autor Principal: | |
|---|---|
| Autor Corporativo: | |
| Formato: | Libro |
| Idioma: | English |
| Publicado: |
Greenwich, Conn. :
Climax Molybdenum Company,
[1975?]
|
| Materias: | |
| Etiquetas: |
Agregar Etiqueta
Sin Etiquetas, Sea el primero en etiquetar este registro!
|
| LEADER | 00724nam a22001815a 4500 | ||
|---|---|---|---|
| 001 | EIQ.libpla002499 | ||
| 008 | 070625s1975####ctua##########000#0#eng#d | ||
| 005 | 20070625151549.0 | ||
| 245 | 1 | 0 | |a Phase transformation kinetics and hardenability of medium-carbon alloy steels / |c by Witold W.Cias. |
| 260 | |a Greenwich, Conn. : |b Climax Molybdenum Company, |c [1975?] | ||
| 300 | |a 121 p. : |b il. ; |c 28 cm. | ||
| 100 | 1 | |a Cias, Witold W. | |
| 710 | 2 | |a Climax Molybdenum Company. | |
| 650 | 4 | |a Procesos |x Aleaciones de acero. | |
| 650 | 4 | |a Processes |x Steels alloys. | |
| 040 | |a AR-BbSID |b spa |c AR-BbSID | ||
| 859 | |a AR-BbSID |b BIB. PLAPIQUI |h 669.961 42 |i C 48 |p 2875 |t Ej. 1 |v Ej. 1 | ||
| 859 | |a AR-BbSID |b BIB. PLAPIQUI |h 669.961 42 |i C 48 |p 3082 |t Ej. 2 |v Ej. 2 | ||
